000
00204 a2200097 4500
001
28566
100
_a
Badar-ud-Din
245
_a
Inorganic Chemistry
260
_a
_b
Feroz sons
_c
090
_c
19131
_d
19131
942
_a
NUST-CAE
_c
M
_c
10149
999
_c
263639
_d
263639